000 00302nam a22001337a 4500
008 170208b xxu||||| |||| 00| 0 eng d
020 _a9780721693446
041 _aeng
080 _22ND
_a61
100 _a4
101 _aSHM
245 _aFRACTURE MANAGEMENT FOR PRIMARY CARE
_cHATCH
942 _2udc
_cBK
999 _c4940
_d4940